|
|
|
|
| LEADER |
01617nam a2200421 a 4500 |
| 001 |
EBC338474 |
| 003 |
MiAaPQ |
| 005 |
20200520144314.0 |
| 006 |
m o d | |
| 007 |
cr cn||||||||| |
| 008 |
070926s2008 xx ab sb 001 0 eng d |
| 010 |
|
|
|z 2007938215
|
| 020 |
|
|
|z 1402066147
|
| 020 |
|
|
|z 9781402066146
|
| 020 |
|
|
|z 9781402066153
|
| 035 |
|
|
|a (MiAaPQ)EBC338474
|
| 035 |
|
|
|a (Au-PeEL)EBL338474
|
| 035 |
|
|
|a (CaPaEBR)ebr10217583
|
| 035 |
|
|
|a (CaONFJC)MIL113867
|
| 035 |
|
|
|a (OCoLC)261324674
|
| 040 |
|
|
|a MiAaPQ
|c MiAaPQ
|d MiAaPQ
|
| 050 |
|
4 |
|a HD1691
|b .C667 2008
|
| 082 |
0 |
4 |
|a 333.91/11
|2 22
|
| 245 |
0 |
0 |
|a Coping with water deficiency
|h [electronic resource] :
|b from research to policymaking : with examples from Southern Europe, the Mediterranean and developing countries /
|c Phoebe Koundouri, editor.
|
| 260 |
|
|
|a [S.l.] :
|b Springer,
|c c2008.
|
| 300 |
|
|
|a xiii, 240 p. :
|b ill., maps.
|
| 490 |
1 |
|
|a Environment & policy ;
|v v. 48
|
| 504 |
|
|
|a Includes bibliographical references and index.
|
| 533 |
|
|
|a Electronic reproduction. Ann Arbor, MI : ProQuest, 2015. Available via World Wide Web. Access may be limited to ProQuest affiliated libraries.
|
| 650 |
|
0 |
|a Water resources development.
|
| 650 |
|
0 |
|a Water resources development
|x Government policy.
|
| 650 |
|
0 |
|a Water-supply.
|
| 650 |
|
0 |
|a Water-supply
|x Government policy.
|
| 655 |
|
4 |
|a Electronic books.
|
| 700 |
1 |
|
|a Koundouri, Phoebe,
|d 1974-
|
| 710 |
2 |
|
|a ProQuest (Firm)
|
| 830 |
|
0 |
|a Environment & policy ;
|v v. 48.
|
| 856 |
4 |
0 |
|u https://ebookcentral.proquest.com/lib/matrademy/detail.action?docID=338474
|z Click to View
|